| 000 | 00950aas a2200217 4500 | ||
|---|---|---|---|
| 999 |
_c4607 _d4607 |
||
| 003 | BR-BrBNA | ||
| 005 | 20230317234235.0 | ||
| 007 | ta | ||
| 008 | 230119b bl ||||| |||| 00| 0 por d | ||
| 022 | _aISSN 0534-5391 | ||
| 040 |
_aBR-BrBNA _bEng _cBR-BrBNA |
||
| 044 | _abl | ||
| 245 |
_aAgriview _cInter - American Institute for CooperationCaribbean Regional Centre |
||
| 260 |
_aPort of Spain , Trinidad and Tobagi , TT _bInter - American Institute for Cooperation _c2001 _eCR |
||
| 270 | _aIICA; Caribbean Regional Centre and TCA in Trinidad and Tobago, 3 Herbert Street, Newtown, PO Box 1318, Port of Spain, Trinidad, W.I. Telephones: (1868)628-4403 ; 628-4078 ; 628-4079. Fax: (1868)628-4562. email: iicatt@iicacarc.org | ||
| 310 | _atrimestral (de três em três meses) | ||
| 505 | _a2001/2002 7/8 (3, 1); | ||
| 650 | 1 | 2 | _gAGRICULTURA; POLITICA DE DESENVOLVIMENTO; DESENVOLVIMENTO AGRICOLA; AGRIBUSINESS |
| 909 |
_a56 _bSergio Santos _c56 _dSergio Santos |
||
| 942 |
_cCR _2AGRIS |
||